[Event "Leuven GCT rapid"]
[Site "Leuven"]
[Date "2016.06.17"]
[Round "5"]
[White "Nakamura, Hikaru"]
[Black "Carlsen, Magnus"]
[Result "1-0"]
[WhiteElo "2787"]
[BlackElo "2855"]
[Annotator "Soltis"]
[PlyCount "33"]
[EventDate "2016.06.17"]
[EventType "tourn (rapid)"]
[EventRounds "9"]
[EventCountry "BEL"]
[EventCategory "22"]
[SourceTitle "CL 08.2021"]
[SourceDate "2021.08.01"]
[SourceVersion "1"]
[SourceVersionDate "2021.08.01"]
[SourceQuality "1"]

1. d4 Nf6 2. c4 e6 3. Nf3 d5 4. Nc3 Bb4 5. Qa4+ Nc6 6. e3 O-O 7. Qc2 Re8 8. Bd2
e5 9. dxe5 Nxe5 10. cxd5 Nxf3+ 11. gxf3 Nxd5 $4 12. Nxd5 Qxd5 13. Bxb4 Qxf3 14.
Rg1 Bf5 15. Qe2 Qe4 16. Bc3 Bg6 17. Qc4 1-0

[Event "National Open 2021"]
[Site "Las Vegas USA"]
[Date "2021.06.20"]
[Round "8.24"]
[White "Khachiyan, M."]
[Black "Chasin, Nico"]
[Result "1-0"]
[WhiteElo "2481"]
[BlackElo "2276"]
[Annotator "Hartmann"]
[PlyCount "93"]
[EventDate "2021.06.16"]
[EventType "swiss"]
[EventRounds "9"]
[EventCountry "USA"]
[SourceTitle "CL 08.2021"]
[SourceDate "2021.08.01"]
[SourceVersion "1"]
[SourceVersionDate "2021.08.01"]
[SourceQuality "1"]

1. e4 c5 2. Nf3 e6 3. Nc3 Nc6 4. Bb5 Qc7 5. O-O Nge7 6. d4 cxd4 7. Nxd4 a6 8.
Nxc6 Nxc6 9. Bd3 Bc5 10. Kh1 b5 11. f4 d6 12. e5 d5 13. f5 b4 14. Na4 Bd4 15.
Bf4 Bd7 16. a3 bxa3 17. Rxa3 Bxe5 18. Bxe5 Nxe5 19. Rc3 Qd6 20. Nc5 h5 21. fxe6
fxe6 22. Qe1 h4 {[#]} 23. Qxe5 $3 {Removing Black's one good defender.} ({
White has a great advantage, but how should he make use of all his piece
activity?} 23. Qe3 {should win cleanly, with both Nc5-b7 and Qe3-g5 in the air.
But Khachiyan found a much more memorable solution.}) 23... Qxe5 {Just about
forced.} ({Black will get mated after something like} 23... Qe7 24. Bg6+ Kd8
25. Nb7# {Now White's remaining pieces pour into the Black position.}) 24. Bg6+
Kd8 25. Nb7+ Ke7 26. Rf7+ Ke8 27. Rcf3 {Now with the threat of 28. Rxg7 mate,
Black has to take drastic steps to stay alive.} Qe1+ 28. Rf1 Rh6 29. Nd6+ Kd8
30. Rxe1 Kc7 31. Rxe6 {This transposes into a better endgame for White.} ({
Even stronger was} 31. Rxd7+ Kxd7 32. Nf7 {when Black has to give back the
Exchange, leaving White squarely in the driver's seat.}) 31... Kc6 32. Ree7
Rxg6 33. Rxd7 Rxd6 34. Rc7+ Kb6 35. Rxg7 Re8 36. h3 d4 ({Maybe going active
with} 36... Re2 {would be an improvement.}) 37. Rc4 Re4 38. Kh2 a5 39. Rg5 Rc6
$2 {It's hard to see why Chasin would go into a ending two pawns down. Now
Khachiyan mops things up.} 40. Rxc6+ Kxc6 41. Rxa5 Re2 42. Ra8 Kd5 43. Rd8+ Kc4
44. Rc8+ Kd5 45. b3 Re1 46. c3 dxc3 47. Rxc3 1-0

[Event "3rd Prague Masters 2021"]
[Site "Prague CZE"]
[Date "2021.06.15"]
[Round "2.2"]
[White "Shankland, S."]
[Black "Duda, J."]
[Result "1-0"]
[WhiteElo "2691"]
[BlackElo "2729"]
[Annotator "Hartmann"]
[PlyCount "77"]
[EventDate "2021.06.14"]
[EventType "tourn"]
[EventRounds "7"]
[EventCountry "CZE"]
[EventCategory "18"]
[SourceTitle "CL 08.2021"]
[SourceDate "2021.08.01"]
[SourceVersion "1"]
[SourceVersionDate "2021.08.01"]
[SourceQuality "1"]

1. e4 c5 2. Nf3 d6 3. d4 cxd4 4. Nxd4 Nf6 5. Nc3 a6 6. f3 e5 7. Nb3 Be6 8. Be3
Be7 9. Qd2 O-O 10. O-O-O Nbd7 11. g4 b5 12. g5 b4 13. Ne2 Ne8 14. f4 a5 15. f5
a4 16. fxe6 axb3 17. cxb3 $1 ({Shankland's move has supplanted the older} 17.
exf7+ {as theory's top choice. Duda has experience here with White:} Rxf7 18.
Kb1 bxc2+ 19. Qxc2 Bxg5 20. Bxg5 Qxg5 21. Ng3 Kh8 {was seen in Duda -
Wojtaszek, Germany 2017.}) 17... fxe6 18. Bh3 (18. Kb1 Rxa2 {is messy but
equalish.}) 18... Nc7 $2 {A move that scores terribly for Black, but perhaps
because (in contrast to Stockfish) Leela thinks it playable, Duda gives it a
whirl.} ({Well-known to theory is} 18... Rxa2 19. Bxe6+ Kh8 20. Ng3 Nc7 21. Bc4
Qa8 22. Rhf1 {, which gave White a slight edge in Saric - Wojtaszek, Wijk aan
Zee 2015.}) 19. Kb1 $1 d5 20. exd5 exd5 21. Bg2 Ra5 22. a4 Kh8 {The first new
move of the game, but it doesn't overturn the evaluation. The white king is
safe, while the black king is not, and the central pawns don't make up for
that fact.} 23. Rhe1 Ra6 24. h4 Rd6 25. Bg1 h6 26. Qxb4 d4 27. Nc1 Nd5 28. Qb5
Nf4 29. Bc6 hxg5 30. hxg5 Nb8 31. Be4 Nd7 32. g6 $1 Rb6 ({White's point is that
} 32... Nxg6 {can't be played due to} 33. Bxd4 exd4 34. Qh5+ {and Black must
shed material to survive.}) 33. Qc4 Nxg6 34. Nd3 Nf4 35. Bc6 Bh4 36. Rxe5 $1
Nxe5 37. Nxe5 Qf6 38. Bxd4 Rbb8 39. Nd7 1-0

[Event "34th Leon GM 2021"]
[Site "chess.com INT"]
[Date "2021.07.04"]
[Round "2.1"]
[White "Dominguez Perez, L."]
[Black "Gelfand, B."]
[Result "1-0"]
[WhiteElo "2758"]
[BlackElo "2675"]
[PlyCount "129"]
[EventDate "2021.06.30"]
[EventType "k.o. (rapid)"]
[EventRounds "2"]
[SourceTitle "CL 08.2021"]
[SourceDate "2021.08.01"]
[SourceVersion "1"]
[SourceVersionDate "2021.08.01"]
[SourceQuality "1"]

1. e4 c5 2. Nf3 d6 3. d4 cxd4 4. Nxd4 Nf6 5. Nc3 Nc6 6. Bg5 Bd7 7. Qd2 a6 8.
O-O-O e6 9. Kb1 Nxd4 10. Qxd4 h6 11. Bc1 Rc8 12. f4 Qc7 13. Qe3 Bc6 14. Bd3 Be7
15. Rhe1 b5 16. a3 Rb8 17. Qg3 Bf8 18. b3 a5 19. Bb2 b4 20. axb4 axb4 21. Nd5
Bxd5 22. exd5 Nxd5 23. Bg6 Nc3+ 24. Bxc3 bxc3 25. Rxe6+ Be7 26. Rde1 O-O 27.
Rxe7 Qa5 28. Bxf7+ Rxf7 29. Re8+ Rxe8 30. Rxe8+ Rf8 31. Re7 Rf7 32. Re8+ Rf8
33. Qe3 Rxe8 34. Qxe8+ Kh7 35. Qe4+ Kh8 36. Qc6 Qb4 37. Qc4 Qb6 38. Qxc3 Qg1+
39. Kb2 Qxg2 40. h3 Qe4 41. Qc8+ Kh7 42. Qc4 Qe7 43. b4 d5 44. Qd4 Qb7 45. Qc5
Qf7 46. Qd4 Qb7 47. Qd3+ Kh8 48. b5 d4 49. Qc4 Qb6 50. Qc6 Qa5 51. Kb3 Qa1 52.
b6 Qa6 53. Qe8+ Kh7 54. Qe4+ Kh8 55. Qxd4 Qb5+ 56. Qb4 Qd5+ 57. Kb2 Qb7 58. Qc5
Qa6 59. c4 Qb7 60. Kb3 Qh1 61. Kb4 Qb1+ 62. Ka5 Qa1+ 63. Kb5 Qb1+ 64. Ka6 Qa2+
65. Kb7 1-0

[Event "Cherry Blossom Classic"]
[Site "Dulles, VA"]
[Date "2021.05.29"]
[Round "4.5"]
[White "Theodorou, Nikolas"]
[Black "Hevia Alejano, Carlos Antonio"]
[Result "1-0"]
[WhiteElo "2554"]
[BlackElo "2467"]
[Annotator "Kraai"]
[PlyCount "89"]
[EventDate "2021.??.??"]
[SourceTitle "CL 08.2021"]
[SourceDate "2021.08.01"]
[SourceVersion "1"]
[SourceVersionDate "2021.08.01"]
[SourceQuality "1"]
[WhiteTeam "Greece"]
[BlackTeam "Cuba"]
[WhiteTeamCountry "GRE"]
[BlackTeamCountry "CUB"]

{[%evp 0,89,19,29,23,-8,22,14,16,9,20,7,-8,-1,5,5,5,9,11,-13,-23,-30,-24,-52,
-44,-47,-51,-48,-33,-51,-47,-63,-57,-72,-39,-62,-27,-86,-72,-76,6,8,-13,0,1,-3,
4,1,-3,-21,-30,-50,-42,-22,-3,-3,-9,-42,-42,0,0,10,25,0,38,57,88,99,135,137,
151,232,183,175,176,204,283,224,229,206,211,381,382,382,688,721,725,754,1233,
1454,1497,1719]} 1. Nf3 d5 2. g3 e6 3. Bg2 Nf6 4. O-O Be7 5. d3 O-O 6. Nbd2 c5
7. e4 Nc6 8. Re1 Qc7 9. e5 Nd7 10. Qe2 b5 11. Nf1 Bb7 12. Bf4 Rfc8 13. h4 Qd8
14. N1h2 a5 15. h5 h6 16. Qd2 a4 {[#] The kind of situation that Theodorou
seeks in all his games: He has to find a way to mate before his opponent
crashes through on the queenside. What should he play?} 17. a3 {This is a
mystical move with a long heritage. A move like 17.a3 is controversial because
we tell our children not to move pawns on the weak side of the board. In his
recent "Bobby Fischer and his World," IM John Donaldson was proud to discover
this same idea in an earlier game of Fischer's (Fischer-Myagmarsuren, 1967).
I'm going to admit that the move is simply beyond me. But it's obviously the
kind of deep sauce that you can use again and again in a structural opening
like the King's Indian.} b4 18. g4 bxa3 19. bxa3 Nf8 $2 {Here, as in the
above-mentioned Fischer game, Black doesn't seize the initiative quickly
enough on the queenside.} ({Better was} 19... c4 {and if} 20. d4 c3 $1) 20. g5
hxg5 21. Bxg5 Nh7 22. Bxe7 Nxe7 23. Nh4 $1 {Working to prevent Black from
bringing resources to his king.} Nc6 24. N2f3 Nd4 25. Nxd4 $2 {This allows the
black queen to come to the king's aid.} Qxh4 26. Nb5 Bc6 27. Nd6 Rc7 28. f4
Qxh5 29. Re3 Nf8 $2 ({Black had to try} 29... f6 $1 {with counterplay. This
defensive resource was one Fischer spent gobs of time trying to stop!}) 30. Rf1
$1 {Who let the dogs out?} Ng6 31. f5 $1 exf5 32. Rh3 Qg4 33. Nxf5 Re8 34. Rg3
Qh5 35. Rg5 Qh7 {The best move, but wow... talk about a square with no scope!}
36. Qd1 Kf8 37. Rh5 Qg8 38. d4 Re6 39. Qd2 f6 40. Qa5 Qf7 41. Rh7 cxd4 42. Rxg7
Qxg7 43. Nxg7 Rce7 44. Nxe6+ Rxe6 45. Rxf6+ 1-0

[Event "Cherry Blossom Classic"]
[Site "Dulles, VA"]
[Date "2021.05.31"]
[Round "9.2"]
[White "Nyzhnyk, Illya"]
[Black "Zhou, Jianchao"]
[Result "1-0"]
[WhiteElo "2679"]
[BlackElo "2615"]
[Annotator "Kraai"]
[PlyCount "103"]
[EventDate "2021.??.??"]
[SourceTitle "CL 08.2021"]
[SourceDate "2021.08.01"]
[SourceVersion "1"]
[SourceVersionDate "2021.08.01"]
[SourceQuality "1"]
[WhiteTeam "Ukraine"]
[BlackTeam "China"]
[WhiteTeamCountry "UKR"]
[BlackTeamCountry "CHN"]

{[%evp 0,103,19,-12,-9,0,31,-13,-13,-10,8,-7,-19,-6,1,-1,26,6,26,33,33,15,20,9,
21,-32,19,18,18,6,0,25,33,36,34,56,41,42,38,40,40,46,46,37,55,52,51,48,54,50,
88,42,62,75,90,85,138,144,188,180,230,234,240,221,232,238,235,224,243,241,246,
242,253,253,265,263,269,274,269,264,324,323,360,355,443,459,464,464,472,480,
490,491,598,605,797,897,972,972,972,489,480,494,532,493,532,758]} 1. c4 Nf6 2.
Nf3 g6 3. b3 Bg7 4. Bb2 c5 5. g3 Nc6 6. Bg2 O-O 7. O-O Re8 8. d3 e5 9. Nc3 d6
10. a3 {This is creeper chess. Is White threatening b3-b4? If he is, Black
should probably play ...a5.} a6 11. Nd2 Rb8 12. b4 $1 cxb4 13. axb4 Nxb4 14.
Qb3 a5 15. Ba3 Be6 16. Bxb4 axb4 17. Qxb4 d5 18. cxd5 Nxd5 19. Nxd5 Bxd5 20.
Bxd5 Qxd5 21. Ra5 $1 Qd4 22. Qb3 {[#] These positions are a little hard to
judge from a distance. But now that we have arrived, we can see that Black has
big problems. Not only is the b-pawn weak, but White will be dancing all over
the light squares. In round two Zhou beat me with in a similar knight versus
bishop late middlegame, where I also misjudged how dangerous the position
would be for me.} Rec8 23. Ne4 Qd7 24. Rb5 h6 25. Rb1 Rc7 26. Nc5 Qc6 27. Nxb7
e4 $2 {[#] Humans aren't the only ones who misjudge positions. Leela fails to
see the flaws of this move until you play it! So what's the problem?} 28. Rb6
$1 {The queen lacks a good square to run to.} Qc2 ({For example, if} 28... Qd7
29. Nc5 $1 {hitting the queen and the e4-pawn. The computer gives} Rxb6 30.
Qxb6 Rxc5 ({if} 30... Qe7 31. Nxe4) 31. Qxc5 exd3 32. exd3 Qxd3 {as Black's
best path but this is hard to play over-the-board.}) ({and if} 28... Qc3 29.
Qxc3 Bxc3 30. dxe4 {White is just up two pawns.}) 29. Nc5 Rxb6 ({Not} 29...
Qxb3 $2 30. Rxb8+ Qxb8 31. Rxb8+ Kh7 32. Nxe4) 30. Qxc2 Rxc5 31. Qd1 Rxb1 32.
Qxb1 exd3 33. Qxd3 {It's not trivial, especially not against a motivated
grandmaster, but White has a decisive advantage.} Re5 34. f4 Re8 35. e4 Bf6 36.
e5 Bg7 37. Kg2 h5 38. Kf3 Re6 39. Qd8+ Kh7 40. Ke4 Bh6 41. h3 Ra6 42. Qd7 Kg7
43. g4 hxg4 44. hxg4 Ra1 45. g5 Re1+ 46. Kf3 Bxg5 47. fxg5 Kg8 48. Qd8+ Kg7 49.
Qd2 Rf1+ 50. Ke4 Rf5 51. Qd6 Kg8 52. Qf6 1-0

[Event "Cherry Blossom Classic"]
[Site "Dulles, VA"]
[Date "2021.05.31"]
[Round "8.2"]
[White "Burke, John M"]
[Black "Jacobson, Brandon"]
[Result "1-0"]
[WhiteElo "2522"]
[BlackElo "2491"]
[Annotator "Kraai"]
[PlyCount "83"]
[EventDate "2021.??.??"]
[SourceTitle "CL 08.2021"]
[SourceDate "2021.08.01"]
[SourceVersion "1"]
[SourceVersionDate "2021.08.01"]
[SourceQuality "1"]
[WhiteTeam "United States"]
[BlackTeam "United States"]
[WhiteTeamCountry "USA"]
[BlackTeamCountry "USA"]

1. e4 e5 2. Nf3 Nc6 3. Bb5 a6 4. Ba4 Nf6 5. O-O Bc5 6. c3 b5 7. Bb3 d6 8. Re1
h6 9. a4 Bb7 10. d4 Bb6 11. Be3 O-O 12. d5 Na7 13. axb5 Bxe3 {A new move, and
a good one. It seems like White's king will end up exposed.} ({Previously seen
was the inferior} 13... Nxb5 14. c4 Na7 15. Nfd2 Bxe3 16. Rxe3 c5 17. Bc2 Nc8
18. Nb3 Ne7 19. Na5 Bc8 20. Nd2 {and White won in 27 moves in Matsenko
-Matvienko, Moscow 2008.}) 14. bxa6 Bxf2+ 15. Kxf2 Bc8 16. c4 c6 {[#]} 17. c5
$1 {Burke breaks the black queen's entrance to the a7-g1 diagonal. I think I
would still believe in black but John is about to build a house with petite
tactics.} cxd5 18. Bxd5 Rb8 19. Nc3 Qc7 $1 ({Surprisingly Black is worse after
} 19... Rxb2+ 20. Kg1 Nxd5 21. Nxd5 Rb8 22. Qc2 $1 {and White's activity gives
him all the chances.}) 20. Na4 dxc5 21. Qc1 Bxa6 22. Nxc5 Bb5 23. b4 Nc8 24.
Bb3 Bc6 25. Qc3 Nd6 ({Things are pretty unclear after} 25... Bxe4 26. Nxe5 Bd5
{.}) 26. Kg1 Rfe8 27. Ra6 Bb7 28. Ra5 Qe7 29. Nd2 Ba8 30. Qa1 Qd8 31. Rd1 Qc8
32. Nf3 {[#]} Nb7 $2 {A slip in a complex position. Black had two main
improvements:} (32... Ndxe4 33. Ra7 (33. Nxe4 {transposes to the 32...Nfxe4
line}) 33... Rf8 34. Nxe5 Nxc5 35. Bxf7+ Rxf7 36. Nxf7 {is unclear}) (32...
Nfxe4 33. Nxe4 Nxe4 (33... Bxe4 $6 34. Rxd6 Rxb4 35. Nd2 {gives White an
advantage}) 34. Nxe5 Ng5 $1 {and let's call it a fragile equality.}) 33. Ra7 $1
{Jacobson's pieces are a jumbled mess and now Burke just turns up the pressure,
move by move.} Qc7 34. Kh1 $1 {Stepping off the a7-g1 diagonal, and avoiding
all the tactics.} Rbc8 35. Qa6 Ng4 36. Rf1 Nxc5 37. bxc5 Qxc5 38. Bxf7+ Kh8 39.
Bxe8 Bxe4 40. Bd7 Rd8 41. Bxg4 Bd3 42. Qb7 1-0

[Event "Cherry Blossom Classic"]
[Site "Dulles USA"]
[Date "2021.05.28"]
[Round "3.5"]
[White "Zhou Jianchao"]
[Black "Kraai, J."]
[Result "1-0"]
[WhiteElo "2615"]
[BlackElo "2429"]
[PlyCount "79"]
[EventDate "2021.05.27"]
[EventType "swiss"]
[EventRounds "9"]
[EventCountry "USA"]
[SourceTitle "CL 08.2021"]
[SourceDate "2021.08.01"]
[SourceVersion "1"]
[SourceVersionDate "2021.08.01"]
[SourceQuality "1"]

1. d4 Nf6 2. c4 e6 3. Nf3 b6 4. a3 d5 5. cxd5 exd5 6. Nc3 Bb7 7. Bg5 Be7 8. e3
O-O 9. Bd3 h6 10. Bf4 Nbd7 11. h3 Ne4 12. O-O c5 13. Qe2 cxd4 14. Nxd4 Bg5 15.
Bxg5 Qxg5 16. Rac1 Ndc5 17. b4 Nxd3 18. Qxd3 a5 19. Rfd1 axb4 20. axb4 Rfd8 21.
Qb5 Qf6 22. Nxe4 dxe4 23. Ra1 Rac8 24. Ra7 Bd5 25. Rd7 Bc4 26. Rxd8+ Qxd8 27.
Qe5 Qe8 28. Qd6 Bd3 29. Qxb6 Qa4 30. Re1 g6 31. h4 h5 32. b5 Qb4 33. Ra1 Qb2
34. Qa5 Rb8 35. Qa7 Rxb5 36. Nxb5 Qxb5 37. Qa8+ Kg7 38. Qd8 Qe5 39. Ra8 Kh6 40.
Qd4 1-0

[Event "FTX Crypto Cup KO"]
[Site "chess24.com INT"]
[Date "2021.05.26"]
[Round "1.12"]
[White "Carlsen, Magnus"]
[Black "Nakamura, Hikaru"]
[Result "1-0"]
[WhiteElo "2847"]
[BlackElo "2736"]
[Annotator "King"]
[PlyCount "61"]
[EventDate "2021.05.26"]
[EventType "k.o. (rapid)"]
[EventRounds "3"]
[EventCountry "GER"]
[SourceTitle "CL 08.2021"]
[SourceDate "2021.08.01"]
[SourceVersion "1"]
[SourceVersionDate "2021.08.01"]
[SourceQuality "1"]

1. e4 e5 2. Nf3 Nc6 3. Bc4 Bc5 4. O-O Nf6 5. d3 O-O 6. h3 h6 7. c3 d6 8. Re1 a5
9. d4 Bb6 10. Be3 exd4 11. cxd4 d5 12. exd5 Ne7 13. Nc3 Nexd5 14. Qd2 c6 15.
Bxh6 $1 {A dangerous idea, though objectively unclear.} gxh6 16. Qxh6 Bf5 $2 {
After this White's attack becomes decisive.} ({Black had to play} 16... Nh7 $1
17. Bd3 f5 $1 {followed by absorbing more pressure with ...Rf6 or ... Qf6.})
17. Re5 $1 Bg6 18. Rg5 Nh7 19. Rg4 Re8 20. Nxd5 cxd5 21. Bd3 {The ratio of
attackers to defenders on the kingside is not a good sign for Nakamura.} Nf8
22. Ne5 Re6 23. Bf5 Rd6 24. Nxg6 {Carlsen simply clears out all the entire
kingside, after which Black's king is completely bare.} fxg6 25. Bxg6 Rxg6 26.
Rxg6+ Nxg6 27. Qxg6+ Kh8 {[#]} 28. Qh5+ Kg8 29. Qg4+ Kh7 30. Re1 $1 {Calmly
bringing the last piece into the attack.} Rc8 31. Re6 {Nakamura resigned, with
no good defense to White's numerous threats, e.g. 32.Rg6 or 32.Qf5+ with mate
soon to follow.} 1-0

[Event "FTX Crypto Cup KO"]
[Site "chess24.com INT"]
[Date "2021.05.29"]
[Round "2.24"]
[White "Carlsen, Magnus"]
[Black "Radjabov, Teimour"]
[Result "1-0"]
[WhiteElo "2847"]
[BlackElo "2765"]
[Annotator "King"]
[PlyCount "77"]
[EventDate "2021.05.26"]
[EventType "k.o. (rapid)"]
[EventRounds "3"]
[EventCountry "GER"]
[SourceTitle "CL 08.2021"]
[SourceDate "2021.08.01"]
[SourceVersion "1"]
[SourceVersionDate "2021.08.01"]
[SourceQuality "1"]

1. e4 b6 2. d4 Bb7 3. Bd3 e6 4. Nf3 d6 5. O-O Nd7 6. a4 a6 7. Re1 Ngf6 8. Nbd2
Be7 9. Nf1 O-O 10. Ng3 e5 11. c3 Re8 12. Bd2 Bf8 13. b4 g6 14. Qc1 Bg7 15. a5
b5 16. Bh6 Bh8 17. d5 $1 {Although the game started as an Owen's Defense, it
has morphed into something resembling the Breyer variation of the Ruy Lopez.
With his last move Carlsen prevents Black from playing ...exd4 to open the
long diagonal for his h8-bishop.} c5 18. h3 {Staying solid, but even stronger
was 18.dxc6! e.p. Bxc6 19.c4!} c4 {Preventing the opening of the queenside,
but now Black's position will remain passive - an unfortunate situation for a
must-win game.} 19. Bc2 Nf8 20. Qd2 Bc8 21. Nh2 Bg7 22. Rf1 Bxh6 23. Qxh6 Kh8
24. Qd2 N6d7 25. f4 $1 {Opening up the position while almost all of Black's
pieces are undeveloped or significantly restricted.} exf4 26. Rxf4 Ne5 27. Nf3
Nfd7 28. Rf1 Nxf3+ 29. R4xf3 Ne5 30. Rf6 $1 {Carlsen allows his rook to be
trapped in order to destroy Black's kingside.} Bf5 $2 ({It was better to
continue passively with} 30... Qe7) 31. exf5 Qxf6 32. fxg6 Qh4 33. Nf5 Qh5 34.
g7+ $1 {Not allowing Black to fix his pawn structure with ...h7xg6.} Kg8 35.
Nxd6 Red8 36. Nf5 f6 37. d6 Ra7 38. Qd5+ Rf7 39. Bd1 $1 {and Radjabov resigned
in view of further material losses after 39...Qg5 40.h4 Qc1 41.Bh5.} 1-0

[Event "FTX Crypto Cup KO"]
[Site "chess24.com INT"]
[Date "2021.05.31"]
[Round "3.32"]
[White "So, Wesley"]
[Black "Carlsen, Magnus"]
[Result "0-1"]
[WhiteElo "2770"]
[BlackElo "2847"]
[Annotator "King"]
[PlyCount "72"]
[EventDate "2021.05.26"]
[EventType "k.o. (rapid)"]
[EventRounds "3"]
[EventCountry "GER"]
[SourceTitle "CL 08.2021"]
[SourceDate "2021.08.01"]
[SourceVersion "1"]
[SourceVersionDate "2021.08.01"]
[SourceQuality "1"]

1. e4 c5 2. Nf3 d6 3. Bb5+ Nd7 4. O-O Ngf6 5. Re1 a6 6. Bf1 b6 7. c4 Bb7 8. Nc3
Ne5 9. Nxe5 $6 {This unbalancing move is just what Carlsen needs to create
chances to outplay his opponent.} ({White should have remained solid with
something like} 9. d3 $5) 9... dxe5 10. d3 e6 11. a3 Be7 12. b4 O-O 13. Rb1 Nd7
14. Be3 Qc7 15. Rb2 cxb4 16. axb4 a5 17. bxa5 bxa5 18. Nb5 Qd8 19. Qc2 Bc6 20.
Ra1 h6 21. Na7 Qc7 22. Nb5 Qc8 23. h3 $6 ({White should keep Black occupied
with} 23. Bd2 $5 Bd8 24. Be3 {preventing ...Nd7-c5.}) 23... Nc5 24. Rba2 {[#]}
a4 $1 {Confidently taking control.} 25. Qc3 ({After} 25. Bxc5 Bxc5 26. Rxa4
Rxa4 27. Qxa4 f5 $1 {Black launches a dangerous kingside attack.}) 25... Nb3
26. Na7 Qd7 27. Nxc6 Qxc6 28. Rb1 Nd4 29. f4 ({Black has huge compensation for
the pawn after} 29. Bxd4 exd4 30. Qxd4 Bc5 31. Qc3 Qd7 {.}) 29... f6 30. Bxd4
exd4 31. Qc2 a3 {Now Black simply has a crushing position with even material.}
32. c5 Qxc5 33. Qxc5 Bxc5 34. Be2 Rfb8 35. Rc1 Rb2 $1 36. Bg4 ({Not} 36. Rxb2
axb2 37. Rb1 Ra1 {which forces promotion.}) 36... f5 $1 {and So resigned, as
he simply has two pieces hanging.} 0-1